000 00628nam a2200229Ia 4500
005 20260320201944.0
008 008 262003s9999 xx 000 0 eng d
037 _aEBOOK
040 _aCRL
040 _beng
040 _cCRL
041 _2eng
041 _aeng
084 _qCRL
100 _aMurti
_9205111
245 0 _aRust Web Development with Rocket: A practical guide to starting your journey in Rust web development using the Rocket framework
260 _bIEEE
856 _uhttps://ieeexplore.ieee.org/servlet/opac?bknumber=10163697
942 _cEBOOK
999 _c1724479
_d1724479